00392 2200145 4500245008100000020001800081250001100099100001900110650003600129005001900165260003100184041001400215084000800229336000900237 aEnsiklopedia Ilmiah Anak Muslim ; Alam Semesta jilid 3cTethy EzokanzohText a9786027943001 aCet. 1 aTethy Ezokanzo aEnsiklopedia Ilmiah Anak Muslim a20240829085823 aJakartabKaisar Ilmuc2013 aIndonesia a297 atext